| 000 | 01229cab a2200217 4500 | ||
|---|---|---|---|
| 001 | ABS68795 | ||
| 008 | 050329n2005 000 0 eng u | ||
| 035 | _a(Sirsi) u129193 | ||
| 100 | _aJude, D. | ||
| 245 | _aManaging asbestos risk | ||
| 260 | _c2005 | ||
| 490 |
_aJournal of Building Appraisal _v1(1) February 2005, 34-46(13) |
||
| 520 | _aGives a brief history of the reasons for the introduction of the Control of Asbestos at Work Regulations 2002. Points out that Reg 4, which came into force on 21 May 2004, places a duty on anyone with responsibility for the repair and maintenance of non-domestic premises to manage any asbestos in the building. This will affect landlords, tenants and co-occupiers of commercial buildings. Failure to comply may lead to severe criminal or civil liabilities and the possibility of being uninsured for the risk. Suggests strategies for dealing with the risk. Includes tables and diagrams. | ||
| 590 | _aABS | ||
| 650 | _aMANAGEMENT-HEALTH AND SAFETY-HAZARDOUS SUBSTANCES-ASBESTOS | ||
| 650 | _aCONTROL OF ASBESTOS AT WORK REGULATIONS 2002 REG 4 | ||
| 650 | _aRISK ASSESSMENT | ||
| 650 | _aNON-DOMESTIC PREMISES | ||
| 690 | _aBUILT ENVIRONMENT-BUILDING STANDARDS | ||
| 942 | _n0 | ||
| 999 |
_c74991 _d74991 |
||